|
|
|
|
| LEADER |
01081nam a2200277 a 4500 |
| 001 |
8854854 |
| 008 |
120905s2008 mauabe b 000 0 eng d |
| 999 |
|
|
|c 12810
|d 12810
|
| 010 |
|
|
|a 54006326
|
| 020 |
|
|
|a 9780674830400
|
| 020 |
|
|
|a 9780674030473
|
| 040 |
|
|
|a DLC
|c TxU-Da
|d OCoLC
|d Uk
|d DLCBD-DhAAL
|
| 082 |
|
|
|a 720.9
|2 22
|
| 100 |
1 |
|
|a Giedion, S.
|q (Sigfried),
|d 1888-1968.
|9 32320
|
| 245 |
1 |
0 |
|a Space, time, and architecture :
|b the growth of a new tradition /
|c Sigfried Giedion
|
| 260 |
|
|
|a Cambridge :
|b Harvard University Press,
|c 2008
|
| 300 |
|
|
|a xxii, 778 p. :
|b illus., maps, plans ;
|c 25 cm.
|
| 490 |
1 |
|
|a The Charles Eliot Norton lectures for 1938-1939
|
| 504 |
|
|
|a Bibliographical footnotes.
|
| 526 |
|
|
|a ARC
|
| 541 |
|
|
|a 00025911
|
| 650 |
|
0 |
|a Architecture
|x History.
|9 32321
|
| 650 |
|
0 |
|a City planning.
|9 32322
|
| 852 |
1 |
|
|a Ayesha Abed Library
|j General shelf
|
| 942 |
|
|
|2 ddc
|c BK
|
| 952 |
|
|
|0 0
|1 0
|4 0
|6 720_900000000000000_GIE
|7 0
|9 21083
|a BRACUL
|b BRACUL
|c GEN
|d 2012-09-05
|e Karim International
|g 3.00
|l 2
|m 25
|o 720.9 GIE
|p 3010025911
|r 2024-09-01
|s 2024-01-23
|t 1
|w 2012-09-05
|y BK
|